MARC

LEADER 00000nam0a2200000 4500
001 285492
005 20231031234042.0
035 |a (RuTPU)RU\TPU\book\309734 
090 |a 285492 
100 |a 20150225d1984 km y0rusy50 ca 
101 0 |a rus 
102 |a RU 
105 |a a z 000zy 
200 1 |a Такая разная планета  |f Д. Ф. Мамлеев 
210 |a Москва  |c Известия  |d 1984 
215 |a 256 с.  |c ил. 
606 1 |a Зарубежные страны  |z 20 в.  |x Политика  |2 stltpush  |3 (RuTPU)RU\TPU\subj\11365 
610 1 |a мировая политика 
610 1 |a мировая экономика 
610 1 |a мировая культура 
610 1 |a путешествия 
610 1 |a страны 
610 1 |a люди 
610 1 |a нравы 
610 1 |a традиции 
610 1 |a африканские страны 
610 1 |a 20 век 
686 |a Ф2(0)  |v LBC/SL-A  |2 rubbk 
700 1 |a Мамлеев  |b Д. Ф.  |g Дмитрий Федорович 
801 1 |a RU  |b 63413507  |c 20150225 
801 2 |a RU  |b 63413507  |c 20171213  |g RCR 
942 |c BK